| 000 | 004650000a22001810004500 | ||
|---|---|---|---|
| 020 | _a0-8297-1842-0 | ||
| 041 | 0 | _aSPA | |
| 082 | 0 | 4 | _aG 268.3 W1772o |
| 100 | 1 | _aJeter de Walker, Luisa | |
| 245 | 1 | 0 | _aMétodos de enseñanza / Lusia Jeter de Walker |
| 260 | _aDeerfield, FL., USA : Vida | ||
| 300 | _a122 Pag | ||
| 001 | 10707 | ||
| 942 | _cBK | ||
| 999 |
_c40170 _d40170 |
||
| 336 |
_atexto _btxt _2rdacontent |
||
| 337 |
_2rdamedia _asin mediación _bn |
||
| 338 |
_2rdacarrier _avolumen _bnc |
||